伊斯坦布尔-这座城市在历史上曾被谁统治(五) - Statistics

General Stats
  • This quiz has been taken 34 times
  • The average score is 11 of 36
Answer Stats
时间及提示 政权名称 % Correct
1453 - 1922 奥斯曼帝国
83%
(1922)1923至今 土耳其共和国
83%
1918 - 1923军队占领 (一战中的一方) 协约国 (法军和英军)
80%
1920 - 1923 (可输入“过渡政府”) 土耳其大国民议会政府
77%
前27 - 公元395 罗马帝国
63%
395 - 1204 东罗马帝国
60%
约前500 - 约前478 受该国控制 波斯帝国
57%
约前1世纪中后期 - 前27 罗马共和国
57%
1261 - 1453 东罗马帝国
57%
约前2世纪 - 约前1世纪中后期 进入该国势力范围 罗马共和国
50%
前478 - 前338 是该城邦主导的势力范围 雅典
47%
1204 - 1261 拉丁帝国
47%
1261 - 1453 (王朝) 巴列奥略王朝
40%
或约前338 - 前323(前304) 马其顿王国 (亚历山大帝国)
37%
早于前1000,在此建立居民点 (古希腊北方族群) 色雷斯人
33%
867 - 1056 (王朝) 马其顿王朝
27%
1081 - 1185 (王朝) 科穆宁王朝
27%
323 - 364 (王朝) 君士坦丁王朝
20%
前27 - 公元68 (王朝) 朱里亚·克劳狄王朝
17%
518 - 602 (王朝) 查士丁尼王朝
17%
1057 - 1059 (王朝) 科穆宁王朝
17%
前478 - 前404 (希波战争期间组建的同盟) 提洛同盟 (雅典海上同盟)
13%
96 - 192 (王朝) 安敦尼王朝
13%
193 - 235 (王朝) 塞维鲁王朝
13%
1059 - 1081 (王朝) 杜卡斯王朝
13%
69 - 96 (王朝) 弗拉维王朝
10%
379 - 457 (王朝) 狄奥多西王朝
10%
610 - 694 (王朝) 希拉克略王朝
10%
1185 - 1204 (王朝) 安杰洛斯王朝
10%
364 - 378 (王朝) 瓦伦蒂尼安王朝
7%
717 - 802 (王朝) 伊苏里亚王朝
7%
457 - 518 (王朝) 利奥王朝
3%
传说约前657,该邦王子在此殖民建城 (古希腊城邦) 墨伽拉 (迈加拉)
0%
前378 - 前338 (再次组建的同盟) 第二次雅典海上同盟
0%
(前323)前304 - 前281 阿加索克利斯王朝 (利西马科斯)
0%
820 - 867 (王朝) 弗里吉亚王朝 (阿摩里亚王朝)
0%
No matching quizzes found
Score Distribution
Percent of People with Each Score
Percentile by Number Answered
Your Score History
You have not taken this quiz